000 00649nam a22002297a 4500
003 UA-OsUOA
001 95336
007 ta
008 20130227b un ||||| |||| 00| 0 ukr d
100 _aБіломістна І.
700 _aСословський В.
090 _a330(477)
_bБ67
942 _cSA
040 _aUA-OsUOA
_bukr
_cUA-OsUOA
_dUA-OsUOA
245 _aФактори впливу на розвиток карткової платіжної системи України
300 _aС.98-110
955 _a0
041 _aukr
080 _a330(477)
773 0 _w95324
650 7 _a330 Економіка взагалі
_2UDC
999 _c381587
_d381587